Praktikum mediálnej tvorby

Saved in:
Bibliographic Details
Main Authors: Tušer, Andrej (Author), a kol (Author)
Format: Book
Language:Slavic languages
Czech
Published: Bratislava : Bratislavská vysoká škola práva, 2010
Subjects:
Online Access:OBSAH
Tags: Add Tag
No Tags, Be the first to tag this record!

MARC

LEADER 00000nam a22000003a 4500
001 stu231575
005 20150617230139.9
008 110715s2010----xo------------------sla-d
020 |a 978-80-89447-16-9 
040 |a STU  |b slo 
041 0 |a sla  |a cze 
044 |a xo 
080 |a 659 
100 1 |a Tušer, Andrej  |4 aut 
245 1 |a Praktikum mediálnej tvorby 
260 |a Bratislava :  |b Bratislavská vysoká škola práva,  |c 2010 
300 |a 368 s 
650 7 |a masmédiá  |2 stusub 
650 7 |a masová komunikácia  |2 stusub 
700 1 |a a kol.  |4 aut 
856 4 |a https://sweb.mtf.stuba.sk/obsahy/praktikum_medialnej_tvorby_10  |u https://sweb.mtf.stuba.sk/obsahy/praktikum_medialnej_tvorby_10  |3 OBSAH 
996 |b 284M080026  |c M*12992-1  |l MMKN  |s A  |a 24  |w stu231575_0001 
996 |b 284M080027  |c M*12992-2  |l MMKN  |s A  |a 24  |w stu231575_0002 
996 |b 284M080028  |c M*12992-3  |l MMKN  |s A  |a 24  |w stu231575_0003